|
|
|
แสดงรายละเอียดบรรณานุกรม |
|
|
Brief Record
: Get Marc (ISO 2709)
: E-mail record
: |
|
|
| LEADER 01174nam 2200277 a 4500 | |||
| 001 22649 | |||
| 003 ULIBM | |||
| 008 030417s2004 caua sb 001 0 eng | |||
| 020 ^a9742768498 | |||
| 082 ^aอ 598.3^bภ-น | |||
| 100 ^aภิญญษพร นิตยาประภา | |||
| 245 ^aนกปากห่าง/^cภิญญษพร นิตยาประภา | |||
| 260 ^aกรุงเทพฯ:^bโอเดียนสโตร์,^c2535 | |||
| 300 ^a35 หน้า | |||
| 913 ^aImported by ULIBM Administrator | |||
| 949 ^aImport form external file by ULIBM system | |||
| คุณยังไม่ได้ล็อกอิน คุณสามารถมีกิจกรรมร่วมกับเว็บไซต์ได้ แต่ต้องล็อกอินก่อน :: |
|
| สถานะ | |||||||||
| 1. | หนังสือ | อ 598.3 ภ-น 2004 Barcode: 042531 | ►หนังสืออ้างอิง | On Shelf | |||||
| [แสดง 1/1 รายการ] | |||||||||

BibComment |
| คอมเมนท์ทรัพยากรรายการนี้ |
|
|
ห้องสมุดโรงเรียนสามัคคีวิทยาคม
159 ถ.บรรพปราการ ต.เวียง อ.เมือง จ.เชียงราย 57000
โทร. 053-711018 โทรสาร 053-713003